Die Entstehung des Königtums in Ostafrika

Saved in:  
Bibliographic Details
Main Author: Mair, Lucy 1901-1986 (Author)
Contributors: Sigrist, Christian 1935-2015 (Other) ; Neu, Rainer 1950- (Other)
Format: Print Article
Language:German
Check availability: HBZ Gateway
Interlibrary Loan:Interlibrary Loan for the Fachinformationsdienste (Specialized Information Services in Germany)
Published: 1997
In: Ethnologische Texte zum Alten Testament ; Bd. 2: Die Entstehung des Königtums
Year: 1997, Pages: 101-112
Standardized Subjects / Keyword chains:B State / Conception
Further subjects:B King
B Africa
B Society

MARC

LEADER 00000caa a22000002c 4500
001 1589196430
003 DE-627
005 20211213143448.0
007 tu
008 190311s1997 xx ||||| 00| ||ger c
020 |a 3788714190 
035 |a (DE-627)1589196430 
035 |a (DE-576)519196430 
035 |a (DE-599)BSZ519196430 
040 |a DE-627  |b ger  |c DE-627  |e rakwb 
041 |a ger 
084 |a 1  |a 0  |2 ssgn 
100 1 |0 (DE-588)130387800  |0 (DE-627)500344264  |0 (DE-576)16210426X  |4 aut  |a Mair, Lucy  |d 1901-1986 
109 |a Mair, Lucy 1901-1986  |a Mair, L. P. 1901-1986  |a Mair, Lucy Philip 1901-1986  |a Mair, Lucy P. 1901-1986  |a Philip Mair, Lucy 1901-1986 
245 1 4 |a Die Entstehung des Königtums in Ostafrika 
264 1 |c 1997 
336 |a Text  |b txt  |2 rdacontent 
337 |a ohne Hilfsmittel zu benutzen  |b n  |2 rdamedia 
338 |a Band  |b nc  |2 rdacarrier 
601 |a Ostafrika 
650 0 7 |0 (DE-588)4020588-5  |0 (DE-627)106317520  |0 (DE-576)208933956  |a Gesellschaft  |2 gnd 
650 0 7 |0 (DE-588)4031516-2  |0 (DE-627)106265229  |0 (DE-576)20899291X  |a König  |2 gnd 
651 7 |0 (DE-588)4000695-5  |0 (DE-627)10437036X  |0 (DE-576)208839046  |a Afrika  |2 gnd 
689 0 0 |d s  |0 (DE-588)4056618-3  |0 (DE-627)106154303  |0 (DE-576)209118288  |2 gnd  |a Staat 
689 0 1 |d s  |0 (DE-588)4204973-8  |0 (DE-627)105139254  |0 (DE-576)210165766  |2 gnd  |a Konzeption 
689 0 |5 (DE-627) 
700 1 |0 (DE-588)118614231  |0 (DE-627)079404103  |0 (DE-576)163076200  |4 oth  |a Sigrist, Christian  |d 1935-2015 
700 1 |0 (DE-588)109868366  |0 (DE-627)63627361X  |0 (DE-576)162362773  |4 oth  |a Neu, Rainer  |d 1950- 
773 0 8 |i In  |t Ethnologische Texte zum Alten Testament ; Bd. 2: Die Entstehung des Königtums  |d Neukirchen-Vluyn : Neukirchener Verl., 1997  |g (1997), Seite 101-112  |h 210 S.  |w (DE-627)231368410  |w (DE-576)520097033  |z 3788714190  |7 nnam 
773 1 8 |g year:1997  |g pages:101-112 
935 |a BIIN 
951 |a AR 
BIB |a 1 
ELC |b 1 
LOK |0 000 xxxxxcx a22 zn 4500 
LOK |0 001 3058963378 
LOK |0 003 DE-627 
LOK |0 004 1589196430 
LOK |0 005 20190311200129 
LOK |0 008 190311||||||||||||||||ger||||||| 
LOK |0 035   |a (DE-Tue135-1)112949 
LOK |0 040   |a DE-Tue135-1  |c DE-627  |d DE-Tue135-1 
LOK |0 852   |a DE-Tue135-1 
LOK |0 852 1  |c FTHAT043811/MRL  |m p  |9 00 
LOK |0 852 2  |b E 81  |9 00 
LOK |0 935   |a iSWA 
LOK |0 938   |k p 
LOK |0 939   |a 11-03-19  |b l12 
ORI |a SA-MARC-ixtheoa001.raw 
REL |a 1 
STA 0 0 |a Africa,Africa,Conception,Concept,King,King,Monarchy,Kings and rulers in art,Society,Society,Society in art,State,Country,State, The, in literature,State, The, in art 
STB 0 0 |a Afrique,Conception,Roi,Roi,Société,Société,État,État 
STC 0 0 |a Conceptualización,Estado,Estado,Rey,Rey,Reyes y soberanos,Reyes y soberanos,Sociedad,Sociedad,Sociedad,África 
STD 0 0 |a Africa,Concezione,Re,Re,Società,Società,Stato,Stato 
STE 0 0 |a 国家,概念,构想,观念,王,君王,国王,社会 
STF 0 0 |a 國家,概念,構想,觀念,王,君王,國王,社會 
STG 0 0 |a Conceituação,Estado,Estado,Rei,Rei,Sociedade,Sociedade,África 
STH 0 0 |a Африка (мотив),Государство (мотив),Государство,Концепция,Король (мотив),Король,Общество (мотив),Общество 
STI 0 0 |a Αφρική (μοτίβο),Βασιλιάς (μοτίβο),Βασιλιάς,Κοινωνία (μοτίβο),Κοινωνία,Κράτος (μοτίβο),Κράτος,Σύλληψη 
SUB |a BIB  |a REL 
SYE 0 0 |a Society,Bürgergesellschaft,Bürgerliche Gesellschaft , Königtum,Krone 
SYF 0 0 |a Subsaharisches Afrika,Africa,Afrikanische Länder,Afrikanische Staaten 
SYG 0 0 |a Land,Staatswesen,Staaten , Konzept